Countries With More Than One U In Their Name - Statistics

General Stats
  • This quiz has been taken 39 times
  • The average score is 5 of 12
Answer Stats
Answer % Correct
Uruguay
87%
Tuvalu
68%
Vanuatu
58%
Nauru
52%
Burundi
45%
Guinea - Bissau
42%
Papua New Guinea
39%
Equatorial Guinea
35%
South Sudan
29%
Luxembourg
23%
Mauritius
19%
Antigua and Barbuda
16%
No matching quizzes found
Score Distribution
Percent of People with Each Score
Percentile by Number Answered
Your Score History
You have not taken this quiz